| 000 | 00357nam a2200145Ia 4500 | ||
|---|---|---|---|
| 008 | 150201s2001 xx 000 0 und d | ||
| 082 |
_a617.6 _bP2001W |
||
| 100 | _aWEISS,CHALES M. | ||
| 245 | _aPRINCIPLES & PRACTICE OF IMPLANT DENTISTRY | ||
| 250 | _a1ST | ||
| 260 |
_bMOSBY _aDELHI _c2001 |
||
| 300 | _a1-447 | ||
| 650 | _aIMPLANTOLOGY | ||
| 942 |
_2ddc _cBK |
||
| 999 |
_c3317 _d3317 |
||